00731nam a22001817a 4500003000400000008004100004020001800045082001600063100001800079245008700097250001300184260003700197300001800234650009800252942001200350999001700362952017000379OSt260627b |||||||| |||| 00| 0 eng d a9780128177266 a660.6bG57B aGodbey, W.T.  aBiotechnology and its Applications Using Cells to Change the World/ by W.T. Godbey a2nd. ed. aLondon:bAcademic Press, c2022. axviii, 462 p. aTechnology (Applied Sciences) | Chemical Engineering and Related Technologies | Biotechnology 2ddccBK c52372d52372 00102ddc4070aRAUbRAUcGENd2026-06-27eToday & Tomorrow Printers and Publishers g10167.00l0o660.6 G57Bp87628r2026-06-27w2026-01-29yBKkBill No. IN-00449